000 00736nam a2200301Ia 4500
005 20260401122435.0
008 008 250103s9999 xx 000 0 eng d
020 _a9781433106033
037 _aTB
040 _aEDL
040 _beng
040 _cEDL
041 _2eng
041 _aeng
084 _a813.54BOW
084 _qEDL
100 _aBowles, Paul | Burroughs, William S. | Kerouac, Jack
_91233622
245 4 _aThe Beat generation and counterculture
245 0 _cBowles, Paul | Burroughs, William S. | Kerouac, Jack
260 _aNewYork
260 _bPeter Lang
260 _c2009
300 _a176p
942 _cTB
942 _h813.54BOW
999 _c1847298
_d1847298